Remise de peine /

Hlavní autor: Modiano, Patrick, 1945-
Jazyk: Francouzština
Vydáno: Paris : Éditions du Seuil, 1989
Edice: Points. Roman
Fyzický popis: 165 s.
Knihy
Uloženo v:
LEADER 00746nam a2200253 a 4500
001 000035621
003 CZ BrMZK
005 19950313143423.0
007 ta
008 950313s1989 fr f fre d
020 |a 2-02-010886-0 
040 |a BOA001  |b cze 
080 |a 840-31  |2 MRF 
100 1 |a Modiano, Patrick,  |d 1945-  |7 xx0000926  |4 aut 
245 1 0 |a Remise de peine /  |c Patrick Modiano. 
260 |a Paris :  |b Éditions du Seuil,  |c 1989 
300 |a 165 s. 
490 1 |a Points. Roman ;  |v R367 
500 |a Texte intégral 
541 |a Prague, Ambassade de France 
830 0 |a Points. Roman 
910 |a BOA001  |b 1-1014.716 
990 |a BK 
996 7 |b 2610028731  |c 1-1014.716  |l MZK  |r Sklad / do 1 hodiny  |n 7  |p dar  |w 000035621  |u 000010  |a 1  |e BOA001  |j MZK50  |s A